[Event "GCT Blitz Paris 2018"]
[Site "Paris FRA"]
[Date "2018.06.23"]
[Round "9.5"]
[White "Mamedyarov, S."]
[Black "Karjakin, Sergey"]
[Result "1-0"]
[WhiteElo "2808"]
[BlackElo "2782"]
[PlyCount "145"]
[EventDate "2018.06.23"]
[EventType "tourn (blitz)"]
[EventRounds "18"]
[EventCountry "FRA"]
[EventCategory "22"]
[SourceTitle "The Week in Chess 1233"]
[Source "Mark Crowther"]
[SourceDate "2018.06.25"]
[SourceVersion "2"]
[SourceVersionDate "2018.06.26"]
[SourceQuality "2"]

1. d4 Nf6 2. c4 e6 3. Nf3 d5 4. Nc3 Be7 5. Bf4 O-O 6. e3 Nbd7 7. g4 dxc4 8.
Bxc4 c5 9. g5 Nh5 10. Bg3 g6 11. Qe2 cxd4 12. Nxd4 Nb6 13. Bb3 Bb4 14. Nf3 Bd7
15. Rd1 Qe7 16. O-O Nxg3 17. hxg3 Bc6 18. Nb5 Rfd8 19. Nbd4 Be4 20. Bc2 Bd5 21.
e4 Bxa2 22. b3 e5 23. Nf5 gxf5 24. exf5 e4 25. f6 Qe6 26. Nd4 Qh3 27. Bxe4 Re8
28. Qf3 Nd7 29. Bf5 Ne5 30. Qe2 Ng4 31. Bxg4 Rxe2 32. Bxh3 Re5 33. Rd3 Rd8 34.
Ra1 Bc5 35. Rxa2 Rxd4 36. Rxd4 Bxd4 37. Rd2 Bb6 38. Rc2 Rc5 39. Re2 h5 40. Bg2
Kf8 41. Bh3 Rxg5 42. Bd7 Kg8 43. Re7 Rd5 44. Be8 Rf5 45. Bxf7+ Kf8 46. Bc4 Rxf6
47. Re2 Bc5 48. Kg2 b6 49. f3 Rg6 50. Re5 Bd6 51. Rf5+ Kg7 52. f4 h4 53. Rf7+
Kh6 54. Kh3 hxg3 55. Kg2 Rg4 56. Rf6+ Rg6 57. Rf7 Rg4 58. f5 Be5 59. Re7 Re4
60. f6 Rf4 61. Rxe5 Rxf6 62. Re7 a5 63. Kxg3 Kg5 64. Re5+ Rf5 65. Rxf5+ Kxf5
66. Kf3 Ke5 67. Ke3 Kd6 68. Kd4 Kc6 69. Be2 b5 70. Bf3+ Kb6 71. Bg2 a4 72. b4
Ka6 73. Kc5 1-0

[Event "Saint Louis blitz"]
[Site "Saint Louis"]
[Date "2017.08.17"]
[Round "2"]
[White "Caruana, Fabiano"]
[Black "Anand, Viswanathan"]
[Result "1/2-1/2"]
[WhiteElo "2807"]
[BlackElo "2783"]
[PlyCount "79"]
[EventDate "2017.08.17"]
[EventType "tourn (blitz)"]
[EventRounds "18"]
[EventCountry "USA"]
[EventCategory "21"]
[SourceTitle "CBM 180"]
[Source "ChessBase"]
[SourceDate "2017.09.13"]
[SourceVersion "1"]
[SourceVersionDate "2017.09.13"]
[SourceQuality "1"]

1. Nf3 d5 2. c4 d4 3. b4 Bg4 4. g3 Bxf3 5. exf3 e6 6. Qb3 a5 7. b5 Nd7 8. Bg2
Nc5 9. Qc2 h5 10. d3 h4 11. f4 Nh6 12. Nd2 a4 13. Ba3 Ra7 14. Rb1 Be7 15. Ne4
Nxe4 16. Bxe7 Qxe7 17. Bxe4 O-O 18. b6 cxb6 19. Rxb6 Ng4 20. O-O Nf6 21. Bf3
Rc8 22. Qb2 Nd7 23. Rxb7 Rxb7 24. Qxb7 Qd8 25. Qb2 Nc5 26. Qc2 Qa5 27. Rc1 Rb8
28. Qe2 h3 29. f5 exf5 30. Bd5 Qc3 31. Rd1 Kf8 32. Qe5 Re8 33. Qd6+ Kg8 34. Rf1
Nxd3 35. Qd7 Rf8 36. Qxf5 Nb4 37. Bxf7+ Rxf7 38. Qc8+ Rf8 39. Qe6+ Rf7 40. Qe8+
1/2-1/2

[Event "Linares 11th"]
[Site "Linares"]
[Date "1993.??.??"]
[Round "9"]
[White "Kasparov, Garry"]
[Black "Anand, Viswanathan"]
[Result "1-0"]
[WhiteElo "2805"]
[BlackElo "2710"]
[Annotator "Dorfman,J"]
[PlyCount "129"]
[EventDate "1993.02.??"]
[EventType "tourn"]
[EventRounds "13"]
[EventCountry "ESP"]
[EventCategory "18"]
[SourceTitle "CBM 034"]
[Source "ChessBase"]
[SourceDate "1993.06.01"]
[SourceVersion "1"]
[SourceVersionDate "1993.06.01"]
[SourceQuality "1"]

1. d4 {Speelman,J Hertneck} d5 2. c4 c6 3. Nf3 Nf6 4. Nc3 dxc4 5. a4 Bf5 6. e3
e6 7. Bxc4 Bb4 8. O-O Nbd7 9. Nh4 Bg6 (9... O-O) 10. h3 (10. f3) (10. Nxg6 {
Hertneck} hxg6 11. h3 g5 $40) 10... O-O 11. Nxg6 hxg6 12. Qc2 (12. Na2 {
Hertneck} Bd6 13. b4 a5 14. b5 c5 $13 {Sokolov,I-Lautier,J, Chalkidiki 1992})
12... Rc8 $6 (12... Qe7 $142) (12... e5 $2 {Hertneck} 13. Qxg6 $16) (12... a5
$5 {Speelman,J}) 13. Rd1 Qb6 (13... Qe7 14. Qb3 $1 {/\ 15.Na2}) (13... Qa5 {
Speelman,J} 14. Na2 Bd6) 14. e4 c5 (14... e5 15. Be3 (15. dxe5 {Speelman,J}
Nxe5 16. Ba2) (15. Na2 $5) 15... exd4 (15... Qa5 16. Ne2 Rfe8 $13) 16. Bxd4 Bc5
17. a5 Qc7 18. Bxc5 Nxc5 19. b4 Ncd7 20. Qd2 {/\ Qe3+/-}) 15. d5 Ne5 16. Be2 (
16. Ba2 {Hertneck} c4 17. Be3 Bc5 $13) 16... exd5 (16... c4 17. Be3 (17. a5 $5
{Hertneck}) (17. Bf4 {Speelman,J}) 17... Bc5 18. a5 Qc7 19. d6 Qc6 20. Bxc5
Qxc5 21. Qd2 {/\ 22.Qd4}) 17. Nxd5 Nxd5 18. Rxd5 Nc6 19. Bc4 Nd4 20. Qd3 Rcd8
21. Be3 Rxd5 22. Bxd5 Rd8 23. Qc4 $16 Rd7 24. Rc1 (24. Rd1 {Speelman,J} Qa6 $5
25. Rxd4 $6 (25. Qxa6 bxa6 26. Bxd4 $5 (26. Kf1) 26... cxd4 27. Rxd4 $16) 25...
cxd4 26. Qc8+ Kh7 27. Qxd7 dxe3 28. Qxf7 e2 29. f4 e1=Q+ 30. Kh2 Kh6 (30... g5
$5) 31. Qg8 Qh1+ $1 32. Kxh1 Qf1+ 33. Kh2 Qxf4+) 24... Qf6 25. Rd1 (25. Kf1 {
Speelman,J} Ne6 26. g3 $5) 25... Ne6 {/\ Nc7} 26. Qb3 $1 a5 27. Rd3 Nf4 (27...
Kf8 28. g3 $1 Ng5 (28... Nd4 29. Bxd4 cxd4 30. Rf3 $18) 29. Bxg5 $1 (29. e5 $6
Qxe5 $1 (29... Nxh3+ 30. Kh2 Qf5 31. Be4 $18) 30. f4 Qc7) 29... Qxg5 30. Rf3 f6
$16) 28. e5 $1 Qf5 (28... Qxe5 29. Bxf7+ $18) (28... Ne2+ {Speelman,J} 29. Kh1
$18) 29. Bxf4 Qxf4 30. e6 Rd8 (30... Re7 {Speelman,J} 31. exf7+ Kf8 32. Be6 $18
) 31. e7 (31. exf7+ Kf8 32. g3 $18) (31. g3 {Speelman,J}) 31... Re8 32. Rf3
Qc1+ 33. Kh2 Rxe7 34. Bxf7+ Kh7 35. Bxg6+ $1 (35. Qd3 $1 {Speelman,J} Qg5 36.
Qd8 Qe5+ 37. g3 $18) 35... Kh6 (35... Kxg6 36. Qd3+ Kh6 37. Qd6+ $18) 36. Qd5
Qg5 37. Bf5 g6 38. h4 Qf6 (38... Qh5 {Speelman,J} 39. g4 $1) 39. Bd3 Qe5+ 40.
Qxe5 Rxe5 41. Rf6 c4 42. Bxc4 $2 (42. Rxg6+ Kh5 (42... Kh7 $1 {Speelman,J} 43.
Bb1 $1 (43. Re6+ $4 cxd3 44. Rxe5 Bd6 $1) 43... Re1 (43... Kh8 $1 $18) 44. Bf5
$18) 43. Kh3 cxd3 44. Rf6 Re4 45. g4+ Rxg4 46. Rf5+ $18 (46. Rf5+ Kg6 47. Kxg4
d2 48. Rd5)) 42... Be7 43. Rb6 Bc5 44. Rf6 (44. Rxb7 $2 {Speelman,J} Bxf2 45.
Bg8 Kh5 $1 $8) 44... Re4 (44... Be7 45. Rf4 (45. Rf7 {Speelman,J} Bxh4 46. g3
Be7 47. f4 $5 $16 Re3 48. Kh3 g5 $5 49. f5 Re4 50. f6 Rxc4 51. fxe7 Re4 52. b3
Kg6 53. e8=Q Rxe8 54. Rxb7 $16) 45... Bd6 46. g3 $18) 45. Bd3 (45. Rxg6+ $2 {
Speelman,J} Kxg6 46. Bd3 Bxf2 47. Bxe4+ Kf6 $1 (47... Kh5 $2 48. Kh3 Bxh4 49.
Bf3+ Kg5 50. g3 $1 $18) 48. g3 Ke5 49. Bc2 Be1 $14) 45... Rg4 (45... Rxh4+ {
Speelman,J} 46. Kg3 Rd4) 46. Kh3 Be7 (46... Rxh4+ {Speelman,J} 47. Kxh4 $4 (47.
Kg3 $1) 47... Be7) 47. Re6 (47. Kxg4 $18) (47. Kxg4 $5 {Speelman,J} Bxf6 48. b3
(48. f4 $5 Bxb2 $5 (48... Be7 $1 $16) 49. f5 gxf5+ 50. Bxf5 $18 Bd4 51. Bd3 Bf2
52. Kh3 Kg7 53. g4 Kf6 54. g5+ Ke5 55. Kg4 $18) 48... Bd4 49. f4 Be3 50. g3 Bf2
51. Bb5 Be1 52. Be8 Bf2 53. h5 g5 54. f5 Kg7 55. Kf3 Bc5 56. g4 Kf8 57. Bg6 Ke7
58. Ke4) 47... Rxh4+ 48. Kg3 Rd4 49. Rxg6+ Kh5 50. Bf5 Bd6+ (50... Bh4+ {
Speelman,J} 51. Kh3 Bxf2 52. g4+) 51. Kf3 Bc5 52. g4+ Kh4 53. Rh6+ (53. Be4 {
Speelman,J} Rd6 (53... Bd6 54. Rh6+ Kg5 55. Rh5+ Kf6 56. Rxa5 Rb4 57. Rf5+ $18)
54. Rg7 Rb6) 53... Kg5 54. Rg6+ Kh4 55. Be4 Rd6 (55... Rd2 $2 56. Rh6+ Kg5 57.
Rh5+ $18) 56. Rg7 (56. Rxd6 {Speelman,J} Bxd6 57. Bxb7 $16) 56... Rf6+ 57. Bf5
Rb6 58. Rh7+ Kg5 59. Rh5+ Kf6 60. Bd3 Bd4 61. g5+ Kg7 62. Rh7+ Kf8 (62... Kg8
63. g6 $1 $18) 63. Bc4 Rxb2 64. Rf7+ Ke8 65. g6 (65. g6 {Speelman,J} Rxf2+ 66.
Ke4 $18) 1-0

[Event "Horgen CS"]
[Site "Horgen"]
[Date "1994.??.??"]
[Round "3"]
[White "Kasparov, Garry"]
[Black "Benjamin, Joel"]
[Result "1/2-1/2"]
[WhiteElo "2805"]
[BlackElo "2610"]
[PlyCount "115"]
[EventDate "1994.09.??"]
[EventType "tourn"]
[EventRounds "11"]
[EventCountry "SUI"]
[EventCategory "16"]
[SourceTitle "CBM 043"]
[Source "ChessBase"]
[SourceDate "1994.12.01"]
[SourceVersion "1"]
[SourceVersionDate "1994.12.01"]
[SourceQuality "1"]

1. Nf3 Nf6 2. c4 e6 3. Nc3 d5 4. d4 Bb4 5. Bg5 h6 6. Bxf6 Qxf6 7. e3 O-O 8. Rc1
c6 9. Bd3 Nd7 10. O-O Bxc3 11. Rxc3 dxc4 12. Bxc4 e5 13. Bb3 exd4 14. exd4 Qd6
15. Re1 Nf6 16. Ne5 Bf5 17. Rf3 Bh7 18. Nxf7 Rxf7 19. Bxf7+ Kxf7 20. Qb3+ Kf8
21. Qxb7 Rd8 22. Qxa7 Qxd4 23. Qxd4 Rxd4 24. Rc3 Be4 25. f3 Bd5 26. Kf2 Ne8 27.
b3 Rd2+ 28. Re2 Rd1 29. Rcc2 Nd6 30. Re1 Rd4 31. Ke2 Nb5 32. Ke3 Rb4 33. Rd2
Ke7 34. Kf2+ Kf7 35. Re3 Nd6 36. Ke2 Nf5 37. Re5 Nd6 38. Kd3 Nb5 39. Kc2 Na3+
40. Kc3 Rb7 41. Kd4 Nb5+ 42. Kc5 Kf6 43. Re3 Nc7 44. Kd6 Nb5+ 45. Kc5 Nc7 46.
a4 Na6+ 47. Kd6 Rb8 48. Rxd5 cxd5 49. Kxd5 Rb6 50. Kc4 Rb8 51. Kd5 Rb6 52. Kc4
Rb8 53. Re4 Nb4 54. a5 Nc6 55. a6 Rb6 56. Kc5 Rxa6 57. Kb5 Ra3 58. Kxc6 1/2-1/2

[Event "Paris GCT blitz"]
[Site "Paris"]
[Date "2016.06.11"]
[Round "3"]
[White "Caruana, Fabiano"]
[Black "So, Wesley"]
[Result "1-0"]
[WhiteElo "2804"]
[BlackElo "2770"]
[PlyCount "81"]
[EventDate "2016.06.11"]
[EventType "tourn (blitz)"]
[EventRounds "18"]
[EventCountry "FRA"]
[EventCategory "22"]
[SourceTitle "CBM 173"]
[Source "ChessBase"]
[SourceDate "2016.07.12"]
[SourceVersion "1"]
[SourceVersionDate "2016.07.12"]
[SourceQuality "1"]

1. Nf3 d5 2. g3 Bg4 3. Bg2 c6 4. O-O Nf6 5. d3 e6 6. Nbd2 Be7 7. h3 Bh5 8. e4
O-O 9. Qe1 a5 10. Nh2 dxe4 11. dxe4 e5 12. Nc4 Nfd7 13. a4 Na6 14. Ng4 f6 15.
Nge3 Nb4 16. Bd2 b6 17. h4 Re8 18. Bxb4 Bxb4 19. c3 Bf8 20. b4 Qc7 21. Bh3 Red8
22. Qb1 Bf7 23. Rd1 Ra7 24. Rd3 axb4 25. cxb4 b5 26. axb5 Rxa1 27. Qxa1 cxb5
28. Na3 Nb8 29. Nxb5 Qb6 30. Rxd8 Qxd8 31. Nd5 Nc6 32. Qc3 Nxb4 33. Nxb4 Qb8
34. Bf1 Qa8 35. Nd5 h5 36. Bc4 Qa4 37. Kg2 Bc5 38. Qb3 Qa1 39. Nxf6+ gxf6 40.
Bxf7+ Kh8 41. Qf3 1-0

[Event "Beijing Sportaccord blitz"]
[Site "Beijing"]
[Date "2013.12.16"]
[Round "26"]
[White "Aronian, Levon"]
[Black "Grischuk, Alexander"]
[Result "0-1"]
[WhiteElo "2803"]
[BlackElo "2783"]
[PlyCount "190"]
[EventDate "2013.12.14"]
[EventType "tourn (blitz)"]
[EventRounds "30"]
[EventCountry "CHN"]
[EventCategory "20"]
[SourceTitle "CBM 157 Extra"]
[Source "ChessBase"]
[SourceDate "2013.12.19"]
[SourceVersion "1"]
[SourceVersionDate "2013.12.19"]
[SourceQuality "1"]

1. d4 Nf6 2. Nf3 g6 3. Nbd2 Bg7 4. e4 d6 5. c3 O-O 6. Bd3 Nc6 7. O-O e5 8. h3
Nh5 9. Nb3 h6 10. Re1 Qf6 11. Bf1 Rd8 12. d5 Nb8 13. g3 Qe7 14. c4 b6 15. Nh2
a5 16. Nd2 Na6 17. a3 Nc5 18. b3 Bd7 19. Rb1 Rf8 20. Rb2 Qe8 21. b4 Na4 22. Rc2
f5 23. exf5 gxf5 24. Ndf3 Qf7 25. Nh4 Nf6 26. Bd3 e4 27. Be2 axb4 28. axb4 Nh7
29. Bh5 Qf6 30. Ng6 Rfc8 31. Nf4 Ng5 32. h4 Nf7 33. Bxf7+ Qxf7 34. Nf1 Re8 35.
Ne3 Be5 36. Neg2 Kh7 37. Qd2 Rg8 38. Re3 Rg4 39. Ra3 Rag8 40. Rca2 b5 41. cxb5
Nb6 42. Ra7 Bxb5 43. Rc2 Nc4 44. Qd1 R4g7 45. Ne6 Qf6 46. Nxg7 Rxg7 47. Bf4 Bd4
48. Kh2 Bxa7 49. Qc1 Bb6 50. Rxc4 Bxc4 51. Qxc4 Bxf2 52. Qe2 Bb6 53. h5 Bd4 54.
b5 Be5 55. Qf2 Bxf4 56. Nxf4 Rg4 57. Qa7 Rg7 58. Ne6 Re7 59. Qb8 e3 60. Nf8+
Kg7 61. Ne6+ Rxe6 62. dxe6 Qxe6 63. Qxc7+ Kf6 64. Qd8+ Qe7 65. Qh8+ Kg5 66.
Qg8+ Kxh5 67. Qd5 Kg6 68. Qg8+ Kf6 69. Qh8+ Kg6 70. Qg8+ Kf6 71. Qh8+ Ke6 72.
Qc8+ Kd5 73. Qa8+ Kd4 74. Qa1+ Kc5 75. b6 Kxb6 76. Qd4+ Kc6 77. Qa4+ Kd5 78.
Qb5+ Ke4 79. Qc4+ Ke5 80. Qc3+ Kd5 81. Qd3+ Kc5 82. Qc3+ Kb5 83. Qb3+ Kc6 84.
Qa4+ Kc7 85. Qa7+ Kd8 86. Qa8+ Kd7 87. Qa4+ Ke6 88. Kg2 Qb7+ 89. Kh2 Qe4 90.
Qe8+ Kd5 91. Qa8+ Kc4 92. Qa4+ Kc3 93. Qa3+ Kc2 94. Qa2+ Kd1 95. Qb1+ Qxb1 0-1

[Event "Tata Steel-A 75th"]
[Site "Wijk aan Zee"]
[Date "2013.01.13"]
[Round "2"]
[White "Aronian, Levon"]
[Black "Carlsen, Magnus"]
[Result "1/2-1/2"]
[WhiteElo "2802"]
[BlackElo "2861"]
[Annotator "Krasenkow,M"]
[PlyCount "92"]
[EventDate "2013.01.12"]
[EventType "tourn"]
[EventRounds "13"]
[EventCountry "NED"]
[EventCategory "20"]
[SourceTitle "CBM 153"]
[Source "ChessBase"]
[SourceDate "2013.03.14"]
[SourceVersion "1"]
[SourceVersionDate "2013.03.14"]
[SourceQuality "1"]

1. d4 Nf6 2. c4 g6 3. Nc3 Bg7 4. e4 d6 5. Nf3 O-O 6. h3 Nc6 $6 {Does Magnus
Carlsen laugh at his rivals? He can play anything at all and then outplay them!
} 7. d5 {The most logical reply. Otherwise Black has the idea ...e7-e5 d4-d5
Nc6-d4!:} (7. Be2 e5 8. d5 Nd4 9. Nxd4 exd4 10. Qxd4 Re8 11. Qd3 Qe7 12. Bg5 h6
13. Bxf6 Bxf6 $132) (7. Be3 e5 8. d5 Nd4 $1 9. Nxd4 exd4 10. Bxd4 (10. Qxd4 Ng4
11. Qd2 Nxe3 12. Qxe3 f5 $1 $44) 10... Nxe4 11. Nxe4 Qh4 12. g4 Re8 13. Bg2 Bf5
14. O-O Bxe4 15. Bxg7 Bxg2 16. Kxg2 Kxg7 17. Qd4+ Qf6 18. Qxf6+ Kxf6 19. Rfe1 {
1/2 (19) Lutz,C (2580)-Finkel,A (2465) Leeuwarden 1994}) (7. Bg5 h6 8. Be3 e5
9. d5 Nd4 $1 (9... Ne7 10. Qc1 Kh7 11. Bd3 $14 {1-0 (28) Chernin,A (2600)
-Uhlmann,W (2500) Austria 1993}) 10. Nxd4 exd4 11. Qxd4 (11. Bxd4 Nxe4 $1 12.
Nxe4 (12. Bxg7 Re8 $1) 12... Qh4 $1 13. g4 Re8 14. Bg2 Bf5 $1 $11) 11... Ng4
12. Qd2 Nxe3 13. Qxe3 {Here Black's compensation for the pawn is less
impressive than in the 7.Be3 line as his position is weakened by ...h7-h6.
Still, after} f5 14. Bd3 Bd7 {he can't complain.}) 7... Nb4 (7... Nb8 8. Be2 c6
9. O-O a6 10. Bg5 b5 11. dxc6 b4 12. Bxf6 exf6 13. c7 Qxc7 14. Nd5 Qb7 15. Nd4
Nd7 16. Qd2 Re8 17. Rfe1 $16 {1-0 (42) Zubarev,A (2583)-Lagarde,M (2501)
Sautron FRA 2012}) 8. Be2 (8. Bg5 e6 9. a3 Na6 10. dxe6 Bxe6 11. Be2 Nc5 12.
Qc2 Qe8 13. Nd2 Bd7 14. O-O Bc6 15. Bd3 Nfd7 16. Rfe1 {1/2 (16) Bagirov,V 
(2500)-Zaitsev,I (2445) Podolsk 1992}) (8. a3 $5 {A logical idea: to push
Black's knight away to a6 before he has played ...a7-a5; besides, White's
bishop can now go to d3-c2, where it is placed better than on e2.} Na6 9. Bd3
Nc5 10. Bc2 e6 (10... a5 11. Be3) 11. O-O exd5 12. cxd5 Re8 13. Re1 a5 14. Bf4
a4 15. Rc1 $14 {1-0 (36) Berkovich,D (2445)-Zaitsev,I (2445) Podolsk 1992})
8... e6 9. Be3 (9. O-O Re8 10. Bg5 exd5 11. exd5 h6 12. Be3 Na6 13. Qd2 Kh7 14.
Rfe1 Nc5 15. Bxc5 dxc5 16. Bd3 Bd7 17. Ne5 Re7 18. Re3 Ne8 19. Rae1 $14 {
1/2 (26) Iotov,V (2569)-Libiszewski,F (2478) Marrakesh 2010}) 9... Re8 10. Nd2
a5 11. O-O Bd7 12. Re1 b6 13. Rc1 Kh8 14. a3 Na6 15. Qc2 e5 16. Rb1 Ng8 {
Finally we have a normal King's Indian, and Black's position is quite decent
as he will now play ...f7-f5.} 17. b4 f5 18. Nb5 $5 (18. Nf3 $5 Nf6 $1 (18...
Bh6 19. Bxh6 Nxh6 20. Bd3) 19. Bd3 f4 20. Bc1 Rg8 21. Qe2 Bc8 $13) 18... Bh6 (
18... f4 19. Bxb6 $1 cxb6 20. Nxd6 Rf8 21. c5 $16) 19. Bxh6 Nxh6 20. exf5 (20.
Qc3 $5 f4 21. Nb3) 20... gxf5 (20... Nxf5 $5 21. Ne4 axb4 22. axb4 Bxb5 23.
cxb5 Nb8 24. Bg4 Nd7 $14 {/=}) 21. f4 $5 exf4 22. Qc3+ Kg8 23. Bh5 Nf7 24.
Rxe8+ Qxe8 25. Qf6 Qf8 26. Bxf7+ Qxf7 27. Qg5+ Qg7 28. Qxf4 $14 {The position
has clarified. Black's kingside attack is now out of the question, and his
misplaced a6 knight guarantees White an edge.} axb4 29. axb4 Re8 30. Nd4 (30.
Rb3 Qe5) 30... Qe5 31. Qg5+ Qg7 32. N2f3 $1 Qxg5 33. Nxg5 Kg7 34. Nge6+ Kf6 35.
Rf1 Bxe6 36. Nxe6 h5 $6 (36... Kg6 $1 $14) 37. g4 (37. b5 $5 Nc5 38. Rxf5+ Kxf5
39. Ng7+ Kf4 40. Nxe8 Nd3 41. Nxc7 Ne5 {Black recaptures one of the missing
pawns but the other one remains - and good winning chances for White.}) 37...
hxg4 38. hxg4 Nxb4 39. Rxf5+ Kg6 40. Nf4+ Kg7 41. g5 {White still pushes on
but the number of pawns is dramatically decreasing.} c6 $1 42. Kf2 (42. Rf6
cxd5 43. cxd5 Nxd5 $1 44. Nxd5 Re5 45. Rxd6 Rxg5+ $11) 42... cxd5 43. cxd5 Re5
44. Ne6+ Kg6 45. Rf6+ Kh5 46. Kf3 Re3+ $1 1/2-1/2

[Event "Moscow Tal Memorial 6th"]
[Site "Moscow"]
[Date "2011.11.16"]
[Round "1"]
[White "Aronian, Levon"]
[Black "Carlsen, Magnus"]
[Result "1/2-1/2"]
[WhiteElo "2802"]
[BlackElo "2826"]
[Annotator "Krasenkow,M"]
[PlyCount "114"]
[EventDate "2011.11.16"]
[EventType "tourn"]
[EventRounds "9"]
[EventCountry "RUS"]
[EventCategory "22"]
[SourceTitle "CBM 146"]
[Source "ChessBase"]
[SourceDate "2012.01.18"]
[SourceVersion "1"]
[SourceVersionDate "2012.01.18"]
[SourceQuality "1"]

1. d4 Nf6 2. c4 e6 3. Nf3 b6 4. g3 Ba6 5. Qa4 Be7 6. Bg2 c6 7. Nc3 O-O 8. O-O
d5 9. Ne5 Qe8 {This line was examined in CBM 93, annotations to Kalinitschew -
Graf by GM A.Finkel. As that game was played many years ago, a lot of new
material has appeared since then.} 10. b3 (10. cxd5 {is White's most popular
option but Black has no problems after the exchange of queens. Here is a
relatively recent example:} cxd5 11. Qxe8 Rxe8 12. Bf4 Nbd7 13. Nxd7 Nxd7 14.
Rfc1 Rac8 15. a4 g5 16. Bd2 Bb4 17. e4 dxe4 18. Bxg5 Bxc3 19. bxc3 Bd3 20. a5
f6 21. Bf4 Nf8 22. f3 exf3 23. Bxf3 Ng6 24. Bd6 Red8 25. Bb4 Rc7 26. Ra3 Ne7
27. c4 Bg6 28. axb6 axb6 29. Ra6 Nc8 30. d5 exd5 31. c5 Rdd7 32. Ra8 bxc5 33.
Rxc5 Rxc5 34. Bxc5 Rc7 35. Bd4 Be4 $11 {1/2 Socko,B (2641)-Markus,R (2567)/
Dresden 2007/CBM 118 (50)}) (10. Qb3 {was played by GM Sh.Mamedyarov in a
rapid game. He won with the help of his opponent:} Nfd7 11. cxd5 Nxe5 12. dxe5
cxd5 13. Rd1 Nd7 (13... Nc6 $1 $36) 14. e4 dxe4 15. Nxe4 Nxe5 16. Bf4 Nc4 17.
Nd6 Nxd6 18. Bxa8 Nb7 19. Bxb7 Bxb7 20. Rac1 Qa8 21. Rd7 Bf6 22. Qd3 $13 {
1-0 Mamedyarov,S (2742)-Ibanez Aullana,J (2301)/Villarrobledo 2008/CBM 126
Extra (29)}) 10... b5 (10... Ne4 $5 11. Nxe4 Bb5 12. cxb5 cxb5 13. Qa3 Bxa3 14.
Bxa3 f6 $1 15. Nd6 Qd8 16. Bh3 $5 fxe5 17. Bxe6+ Kh8 18. dxe5 $44) 11. Qa5 Bd8
(11... bxc4 $5 12. bxc4 Qd8 13. Qa4 Nfd7 $1) 12. Qa3 Be7 13. c5 {In this
structure White keeps some pressure. His c5-pawn can't be undermined as
Black's pawn is already on b5, and preparing ...e6-e5 is not easy for Black
either.} Bb7 14. Qb2 a5 15. Nd3 b4 16. Na4 Nbd7 17. a3 $146 (17. Bf4 Ba6 18.
Rfd1 Qd8 (18... Nh5 $5) 19. a3 bxa3 20. Qxa3 Nh5 21. Bd6 Bxd6 22. cxd6 Bxd3 23.
Rxd3 Nhf6 24. Rc1 Nb8 25. Rdc3 Ne8 26. Rxc6 $6 Nxc6 27. Rxc6 Nf6 28. Nc5 Rb8
29. d7 Ra8 $13 {1-0 Beliavsky,A-Antoshin,V/Soviet Union 1978/EXT 2010 (42)})
17... Ba6 18. Rd1 Bxd3 19. Rxd3 Ne4 (19... bxa3 $5 20. Rxa3 (20. Qxa3 e5) 20...
e5 21. dxe5 Ng4) 20. f3 (20. Bxe4 dxe4 21. Rd1 f5 22. Qc2 bxa3 23. Rxa3 Qh5
$132) 20... Nef6 {After provoking the weakening f2-f3, ...e6-e5 can be more
effective.} 21. Rd1 e5 22. e3 (22. dxe5 Nxc5 $1 23. exf6 $2 Bxf6 24. Qb1 Nxa4
25. bxa4 Qxe2) 22... bxa3 23. Qc2 Bd8 {A standard manoeuvre. The bishop
protects the crucial a5-pawn and b6-square, as well as aiming at White's
kingside.} 24. Bxa3 Rb8 25. Re1 Qe6 26. Nb2 Re8 27. Nd3 Bc7 28. Bb2 e4 29. Nf2
exf3 30. Bxf3 Ne4 31. Nxe4 dxe4 32. Bd1 Nf6 33. Bc3 Nd5 34. Bxa5 {This pawn is
not important anymore as Black has an excellent kingside counterplay, and
White's b3 pawn can't move forward.} Ra8 35. Qd2 Qg6 36. Kh1 $6 (36. Ra4 $142
Rxa5 37. Rxa5 h5 $1 $44) 36... Qh6 37. b4 $6 (37. Kg1 Rxa5 38. Rxa5 Bxa5 39.
Qxa5 Nxe3 40. Qd2 Nf5 41. Qxh6 gxh6 (41... Nxh6 42. b4 $13) 42. Bc2 Nxd4 43.
Rxe4 Rxe4 44. Bxe4 Nxb3 45. Bxc6 Nxc5 $11) 37... Bxg3 38. Rg1 Bh4 39. Bb3 Bg5
$6 (39... Qxe3 $142 {although the position after} 40. Qxe3 Nxe3 41. b5 (41. d5
Nxd5 42. b5 Bf6 43. Ra2 Reb8 44. b6 Bd4) 41... Bf6 $1 (41... cxb5 42. d5 $44)
42. bxc6 Bxd4 43. Ra2 {was not easy to evaluate. GM Magnus Carlsen prefers a
simpler course but White obtains passed pawns anyway, with parity of material.}
) 40. Bxd5 Bxe3 41. Bxf7+ Kxf7 42. Qa2+ Qe6 43. Rgf1+ Kg8 44. Qxe6+ Rxe6 45.
Rad1 Bg5 46. d5 cxd5 47. Rxd5 Bf6 48. Rd6 Rxd6 $2 (48... Kf7 $142 {Still,
White keeps winning chances after} 49. Rxe6 Kxe6 50. Rc1 Bg5 51. Rc2) 49. cxd6
Bd8 (49... e3 50. Re1 ({but not} 50. Rxf6 gxf6 51. Kg2 Kf7 52. d7 Ke7 53. d8=Q+
Rxd8 54. Bxd8+ Kxd8 55. Kf3 Kc7 56. Kxe3 Kc6 57. Ke4 Kb5 58. Kf5 Kxb4 59. Kxf6
Kc5 60. Kg7 h5 $11) 50... Kf7 51. Rxe3 {, and White should win.}) 50. Rf5 $2 {
Missing the victorious} (50. Bc7 $1 e3 51. b5 Bh4 52. d7 e2 53. Rg1 $1 (53. Rc1
$2 Rf8 $1 54. Kg2 Kf7 55. Kf3 (55. b6 Ke6 56. b7 Kxd7) 55... Ke6+ 56. Kxe2 Kxd7
$11) 53... e1=Q (53... Bf2 54. Rc1) (53... Rf8 54. b6 Rf1 55. Bg3) 54. Rxe1
Bxe1 55. d8=Q+ Rxd8 56. Bxd8 Kf7 57. b6 Bc3 58. b7 Be5 59. Bh4 Bb8 60. Bg3 Ba7
61. b8=Q Bxb8 62. Bxb8 $18 {Not an easy line to find!}) 50... Bxa5 51. bxa5 Rd8
$1 52. Rd5 (52. a6 Rxd6 53. Ra5 Rd8 54. a7 Ra8 55. Kg2 Kf7 56. Kf2 Ke6 57. Ke3
Kd6 58. Kxe4 Kc6 59. Ke5 Kb6 60. Ra1 Rxa7 61. Rxa7 Kxa7 62. Ke6 Kb6 63. Kf7 g5
$11) 52... Kf7 53. a6 Ke6 54. Rd4 Kd7 55. Rb4 e3 56. Kg2 Rf8 57. a7 e2 1/2-1/2

[Event "Saint Louis Rapid 2018"]
[Site "Saint Louis USA"]
[Date "2018.08.12"]
[Round "5.4"]
[White "Mamedyarov, S."]
[Black "Nakamura, Hi"]
[Result "1/2-1/2"]
[WhiteElo "2801"]
[BlackElo "2777"]
[PlyCount "59"]
[EventDate "2018.08.11"]
[EventType "tourn (rapid)"]
[EventRounds "9"]
[EventCountry "USA"]
[EventCategory "22"]
[SourceTitle "The Week in Chess 1240"]
[Source "Mark Crowther"]
[SourceDate "2018.08.13"]
[SourceVersion "1"]
[SourceVersionDate "2018.08.13"]
[SourceQuality "2"]

1. Nf3 d5 2. e3 Nf6 3. c4 e6 4. Nc3 Be7 5. b3 c5 6. Bb2 O-O 7. Rc1 dxc4 8. bxc4
b6 9. g3 Bb7 10. Bg2 Nc6 11. O-O Rc8 12. Qe2 Qc7 13. Rfd1 Qb8 14. d4 cxd4 15.
exd4 Rfe8 16. d5 exd5 17. Nxd5 Nxd5 18. cxd5 Bg5 19. Qxe8+ Rxe8 20. dxc6 Bxc1
21. Be5 Rxe5 22. Nxe5 Ba6 23. Rd7 Bg5 24. c7 Qc8 25. Bd5 Bf6 26. Bxf7+ Kf8 27.
Be6 Ke8 28. Bf7+ Kf8 29. Be6 Ke8 30. Bf7+ 1/2-1/2